000 00522nam a2200181Ia 4500
003 GCL
008 140319s9999 xx 000 0 ara d
040 _aGCL /
_cGCL
082 0 4 _a922.1
_bم ح
100 1 _aمحمود شلبى
245 1 0 _aحياة امين الامة ابو عبيدة بن الجراح /
_cمحمود شلبى
260 _a[S.N] :
_bدار الجيل ،
_c1989
300 _a479 ص
490 _a
650 0 4 _aالاسلام
650 0 4 _aابوعبيدة بن الجراح
942 _2ddc
_cBK
999 _c53089
_d53089